|
|
|
|
| LEADER |
01370nam a2200229 a 4500 |
| 001 |
00004923 |
| 008 |
110306s1993 bg b 000 0 ben |
| 040 |
|
|
|a BD-DhAAL
|c BD-DhAAL
|
| 082 |
0 |
0 |
|a 954
|2 22
|
| 245 |
0 |
0 |
|a এখনো গেল না আঁধার :
|b সংবাদপত্রে '৯২-এর সাম্প্রদায়িকতা /
|c সম্পাদনা শফি আহমেদ এবং পরবী বসু
|
| 260 |
|
|
|a ঢাকা :
|b সাহিত্য সমবায়,
|c ১৯৯৩
|
| 300 |
|
|
|a ৫৬৮ পৃ. ;
|c ২২ সে.মি.
|
| 500 |
|
|
|a দশটি জাতীয় দৈনিকের নিবন্ধ সাহিত্য ও সংবাদ এবং ছয়টি সাপ্তাহিকের বিভিন্ন রচনা ও প্রতিবেদন সম্বলিত একটি ব্যতিক্রমী সংকলন
|
| 504 |
|
|
|a Includes bibliographical references.
|
| 541 |
|
|
|e 00004923
|
| 650 |
|
0 |
|a Communalism
|x Political aspects
|z India
|
| 650 |
|
0 |
|a Communalism
|z India.
|
| 700 |
1 |
|
|a আহমেদ, শফি
|
| 700 |
1 |
|
|a বসু, পরবী
|
| 852 |
4 |
|
|a Ayesha Abed Library
|j General shelf
|
| 999 |
|
|
|c 10541
|d 10541
|
| 952 |
|
|
|0 0
|1 0
|2 ddc
|4 0
|6 954_AKH
|7 0
|9 14697
|a BRACUL
|b BRACUL
|c GEN
|d 2011-03-16
|g 250.00
|l 4
|m 40
|o 954 AKH
|p 3010004923
|r 2018-07-14
|s 2018-07-08
|t 1
|w 2011-03-16
|y BK
|